<?xml version="1.0" encoding="UTF-8"?>
<record
    xmlns:xsi="http://www.w3.org/2001/XMLSchema-instance"
    xsi:schemaLocation="http://www.loc.gov/MARC21/slim http://www.loc.gov/standards/marcxml/schema/MARC21slim.xsd"
    xmlns="http://www.loc.gov/MARC21/slim">

  <leader>00452nam a2200145Ia 4500</leader>
  <controlfield tag="008">230718s9999    xx            000 0 und d</controlfield>
  <datafield tag="041" ind1=" " ind2=" ">
    <subfield code="a">eng</subfield>
  </datafield>
  <datafield tag="082" ind1=" " ind2=" ">
    <subfield code="a">362.104</subfield>
    <subfield code="b">ROI</subfield>
  </datafield>
  <datafield tag="100" ind1=" " ind2=" ">
    <subfield code="a">Roizen M.F.</subfield>
    <subfield code="9">157045</subfield>
  </datafield>
  <datafield tag="245" ind1=" " ind2=" ">
    <subfield code="a">Owners Manual</subfield>
    <subfield code="b">An Insiders Guide To The Body To That Will Make You Healthier And Younger</subfield>
  </datafield>
  <datafield tag="260" ind1=" " ind2=" ">
    <subfield code="b">Harper And Rao</subfield>
  </datafield>
  <datafield tag="365" ind1=" " ind2=" ">
    <subfield code="c">Rs.</subfield>
    <subfield code="b">848.00</subfield>
  </datafield>
  <datafield tag="700" ind1=" " ind2=" ">
    <subfield code="a">Roizen M.F. &amp; Oz M.C.</subfield>
    <subfield code="9">190231</subfield>
  </datafield>
  <datafield tag="906" ind1=" " ind2=" ">
    <subfield code="d">B:556119-Aug-2008</subfield>
    <subfield code="c">MGMT</subfield>
    <subfield code="b">169.6</subfield>
  </datafield>
  <datafield tag="999" ind1=" " ind2=" ">
    <subfield code="c">319758</subfield>
    <subfield code="d">319758</subfield>
  </datafield>
  <datafield tag="952" ind1=" " ind2=" ">
    <subfield code="0">0</subfield>
    <subfield code="1">0</subfield>
    <subfield code="4">0</subfield>
    <subfield code="7">0</subfield>
    <subfield code="a">CCEP</subfield>
    <subfield code="b">CCEP</subfield>
    <subfield code="d">2008-12-11</subfield>
    <subfield code="e">Tbs</subfield>
    <subfield code="f">MGMT</subfield>
    <subfield code="g">678.40</subfield>
    <subfield code="i">5561</subfield>
    <subfield code="l">0</subfield>
    <subfield code="o">362.104</subfield>
    <subfield code="p">CCEP-BK-30965</subfield>
    <subfield code="r">2023-07-18 00:00:00</subfield>
    <subfield code="t">169.6</subfield>
    <subfield code="v">848.00</subfield>
    <subfield code="w">2008-08-19</subfield>
    <subfield code="y">BK</subfield>
    <subfield code="z">030965</subfield>
  </datafield>
</record>
